00382nam a2200145Ia 4500003000500000008004100005020001800046040001900064082000700083100005600090245003300146260003700179300000800216546001200224STCL181203s9999 xx 000 0 und d a9780470848838 aSTCLbENcSTCL 222 aScott, Anthony; Maynard, Alan; Elliott, Robert, Ed. 0aAdvances in Health Economics bJohn Wiley & SonsaEnglandc2003 a249 aEnglish